Catálogo

Agilidad estratégica / (Registro nro. 65672)

Detalles MARC
000 -LEADER
fixed length control field 00745nam a2200217 u 4500
001 - CONTROL NUMBER
control field 65672
003 - CONTROL NUMBER IDENTIFIER
control field Mx-PuUPA
005 - DATE AND TIME OF LATEST TRANSACTION
control field 20190705120039.0
008 - FIXED-LENGTH DATA ELEMENTS--GENERAL INFORMATION
fixed length control field 160628s2009 xx r 000 0 spa d
040 ## - CATALOGING SOURCE
Transcribing agency Mx-PuUPA
100 1# - MAIN ENTRY--PERSONAL NAME
Personal name Doz, Yves L.
Relator term autor
240 10 - UNIFORM TITLE
Uniform title Fast strategy : how strategic agility will help you stay ahead of the game. Español
245 10 - TITLE STATEMENT
Title Agilidad estratégica /
Statement of responsibility, etc. Yves Doz y Mikko Kosonen ; traducción, Jorge Alberto Velázquez Arellano.
264 #1 - PRODUCTION, PUBLICATION, DISTRIBUTION, MANUFACTURE, AND COPYRIGHT NOTICE
Place of production, publication, distribution, manufacture México, D. F. :
Name of producer, publisher, distributor, manufacturer Grupo Editorial Patria,
Date of production, publication, distribution, manufacture, or copyright notice 2010
300 ## - PHYSICAL DESCRIPTION
Extent 289 Páginas ;
Dimensions Ilustraciones.
336 ## - CONTENT TYPE
Content type term texto
Source rdacontent
337 ## - MEDIA TYPE
Media type term sin mediación
Source rdamedia
338 ## - CARRIER TYPE
Carrier type term volumen
Source rdacarrier
650 #0 - SUBJECT ADDED ENTRY--TOPICAL TERM
Topical term or geographic name entry element Planificación estratégica
942 ## - ADDED ENTRY ELEMENTS (KOHA)
Source of classification or shelving scheme Dewey Decimal Classification
Koha item type Libro
Existencias
Withdrawn status Lost status Source of classification or shelving scheme Damaged status Not for loan Collection code Home library Current library Shelving location Date acquired Source of acquisition Total Checkouts Full call number Barcode Date last seen Price effective from Koha item type
    Dewey Decimal Classification     General Tehuacán Tehuacán Sala general 28/06/2016 Compra   658 DOZ 2010 510237 08/01/2025 28/06/2016 Libro